000 00671nam a2200277Ia 4500
005 20260324113346.0
008 008 260324s9999 xx 000 0 eng d
020 _a9781003497998
037 _aEBOOK
040 _aCRL
040 _beng
040 _cCRL
041 _2eng
041 _aeng
084 _qCRL
100 _aThe International Institute for Strategic Studies (IISS)
_91146459
245 0 _aSurvival: June-July 2024
260 _bTaylor and Francis
260 _c2024
365 _a
365 _b89.99
856 _uhttp://www.taylorfrancis.com/books/9781003497998
942 _cEBOOK
999 _c1736064
_d1736064